La segunda dama
Saved in:
| Hovedforfatter: | |
|---|---|
| Format: | Bog |
| Sprog: | spansk |
| Udgivet: |
Barcelona
Ediciones Grijalbo S. A
1980
|
| Udgivelse: | 1a. ed |
| Fag: | |
| Tags: |
Tilføj Tag
Ingen Tags, Vær først til at tagge denne postø!
|
MARC
| LEADER | 00000cam a2200000 a 4500 | ||
|---|---|---|---|
| 001 | UCE9383 | ||
| 003 | CL-VaPUC | ||
| 008 | 151022e19800000sp |||||||||||||||||spa|d | ||
| 020 | |a 9502800079 | ||
| 082 | 0 | 4 | |a 813 |b WAL |2 21 |
| 100 | 0 | |a Wallace, Irving |e author |9 582216 | |
| 245 | 1 | 3 | |a La segunda dama |
| 250 | |a 1a. ed | ||
| 300 | |a 415 p | ||
| 942 | |c BK | ||
| 945 | |d 20151022 17:18:00 |a dcastane | ||
| 260 | |a Barcelona |b Ediciones Grijalbo S. A |c 1980 | ||
| 650 | 7 | |a NARRATIVA ESTADOUNIDENSE |2 CL-VaPUC |9 582217 | |
| 650 | 0 | |a Novelas estadounidenses |9 265217 | |
| 650 | 0 | |a Literatura estadounidense |9 317168 | |
| 583 | |a last modification |c 20151022 17:18:00 |k Rodrigo Vera | ||
| 999 | |c 361047 |d 361045 | ||
| 952 | |0 0 |1 0 |3 erb |4 0 |6 813_000000000000000_WAL_1980 |7 0 |8 C |9 471368 |a BIBCUR |b BIBCUR |i 5206561 |l 1 |o 813 WAL 1980 |p 5206561 |r 2025-04-22 |s 2025-01-06 |w 2019-11-24 |y BK |z Catalogado en:20151022 |k CAC | ||